| 000 | 00000nas##2200000za#4500 |
| 001 | 9.508539 |
| 003 | CaOODSP |
| 005 | 20240314152354 |
| 007 | ta |
| 008 | 150406c2002||||xxc|| p #||||f| |0fre|d |
| 022 | |a1916-3991 |
| 040 | |aCaOODSP|bfre |
| 041 | |aeng |
| 041 | |afre |
| 043 | |an-cn--- |
| 086 | 1 |aJS83-4 |
| 110 | 1 |aCanada. |bSécurité publique Canada. |
| 245 | 10|aRecherche en bref |
| 260 | |aOttawa - Ontario : |bSécurité publique Canada |
| 310 | |aBimestriel |
| 520 | 3 |aPrésentent un résumé de résultats de recherches correctionnelles récentes sous forme de questions-réponses faciles à comprendre. Chaque rapport met l’accent sur un thème de recherche et répond à une question. Comprend les coordonnées d’une personne-ressource pour obtenir de plus amples renseignements. |
| 546 | |aBilingue |
| 563 | |aDépliant |
| 691 | 07|aÉtablissement pénitentiaire|2gcpds |
| 691 | 07|aRecherche et développement|2gcpds |
| 691 | 07|aThérapie|2gcpds |
| 776 | 0#|tRecherche en bref |w(CaOODSP)9.501956 |
| 791 | |tResearch summary |eeng|w(CaOODSP)9.508538 |